Untersuchungen Zum Deutschen Vertriebenen- und Flüchtlingsproblem : Zweite Abteilung: Einzeldarstellungen. II: Albrecht, Gerhard Unter Mitarbeit Von H. -W. Behnke - R. Burchard: Die Wirtschaftliche Eingliederung der Heimatvertriebenen in Hessen.

Bibliographic Details
Main Author: Pfister, Bernhard.
Other Authors: Behnke, H. -w., Burchard, R., Albrecht, Gerhard.
Format: eBook
Language:German
Published: Berlin : Duncker & Humblot, 1954.
Edition:1st ed.
Series:Schriften des Vereins Für Socialpolitik Series
Subjects:
Online Access:Click to View
LEADER 05016nam a22004333i 4500
001 EBC7100830
003 MiAaPQ
005 20240729202203.0
006 m o d |
007 cr cnu||||||||
008 240729s1954 xx o ||||0 ger d
020 |a 9783428400096  |q (electronic bk.) 
020 |z 9783428000098 
035 |a (MiAaPQ)EBC7100830 
035 |a (Au-PeEL)EBL7100830 
035 |a (OCoLC)1347029442 
040 |a MiAaPQ  |b eng  |e rda  |e pn  |c MiAaPQ  |d MiAaPQ 
100 1 |a Pfister, Bernhard. 
245 1 0 |a Untersuchungen Zum Deutschen Vertriebenen- und Flüchtlingsproblem :  |b Zweite Abteilung: Einzeldarstellungen. II: Albrecht, Gerhard Unter Mitarbeit Von H. -W. Behnke - R. Burchard: Die Wirtschaftliche Eingliederung der Heimatvertriebenen in Hessen. 
250 |a 1st ed. 
264 1 |a Berlin :  |b Duncker & Humblot,  |c 1954. 
264 4 |c {copy}1954. 
300 |a 1 online resource (189 pages) 
336 |a text  |b txt  |2 rdacontent 
337 |a computer  |b c  |2 rdamedia 
338 |a online resource  |b cr  |2 rdacarrier 
490 1 |a Schriften des Vereins Für Socialpolitik Series 
505 0 |a Intro -- Vorbemerkung -- Inhalt -- Erster Abschnitt: Die Heimatvertriebenen in Hessen und ihre Umsiedlung -- A. Der Vertriebenenzustrom nach Hessen -- I. Grundzüge der Wirtschaftsstruktur Hessens -- II. Der Vertriebenenzustrom und seine Verteilung in Hessen 1946-1952 -- B. Die Umsiedlung der Heimatvertriebenen und ihre Durchführung in Hessen -- I. Die Bundes-Umsiedlung -- 1. Erste Bundes-Umsiedlungsaktion -- 2. Zweite Bundes-Umsiedlungsaktion -- 3. Beendigung der zweiten Bundes-Umsiedlungsaktion -- 4. Vertriebenen-Umsiedlung und Wohnungsbau -- 5. Dritte Bundes-Umsiedlungsaktion -- 6. Allgemeine Problematik der Umsiedlung -- II. Die innerhessische Umsiedlung -- 1. Ihre Begründung in der Wirtschaftsstruktur Hessens -- 2. Der Hessenplan -- 3. Ergebnisse des Hessenplanes -- Annex: Der Schlüchternplan -- Zweiter Abschnitt: Die wirtschaftliche Eingliederung der Heimatvertriebenen in Hessen -- A. Die Eingliederung der wirtschaftlich unselbständigen Vertriebenen -- I. Bevölkerungszunahme in den hessischen Arbeitsamtsbezirken -- II. Alters- und Geschlechtsgliederung der Vertriebenen -- III. Verteilung der Beschäftigten auf Einheimische und Vertriebene -- IV. Verteilung der beschäftigten Einheimischen und Vertriebenen auf die Wirtschafts- und Produktionszweige -- V. Vertriebenenanteil an der Beschäftigung nach Arbeitsamtsbezirken -- VI. Anteil der Vertriebenen an der Arbeitslosigkeit -- VII. Anteil der Vertriebenen an der Arbeitslosigkeit nach Berufsgruppen -- VIII. Verteilung der arbeitslosen Vertriebenen nach Arbeitsamtsbezirken -- IX. Arbeitslosigkeit der männlichen und weiblichen Vertriebenen nach Arbeitsamtsbezirken -- X. Allgemeine Würdigung der Arbeitsmarktanalyse -- B. Die Begründung selbständiger Vertriebenenexistenzen -- I. Die landwirtschaftliche Ansiedlung von Heimatvertriebenen in Hessen. 
505 8 |a 1. Voraussetzungen und Möglichkeiten landwirtschaftlicher Siedlung in Hessen -- 2. Ansässigmachung von Vertriebenen nach dem Flüchtlingssiedlungsgesetz -- 3. Ergebnisse der Eingliederung von Vertriebenen in die hessische Landwirtschaft -- 4. Würdigung und Ausblick -- II. Die Begründung gewerblicher Vertriebenenbetriebe -- 1. Finanzierung gewerblicher Vertriebenenbetriebe -- a) Finanzierungsbedürfnisse und -möglichkeiten -- b) Öffentliche Finanzierungs- und Kredithilfen -- α) Maßnahmen des Landes Hessen -- β) Maßnahmen auf Bundesebene -- γ) Gesamtergebnisse für Hessen -- c) Würdigung der öffentlichen Finanzierungshilfen -- 2. Hessische Schwerpunkte der Vertriebenen- und Flüchtlingsindustrie -- a) Allgemeine Kennzeichnung der Schwerpunkte -- b) Die Standortsfrage -- c) Die Absatzfrage und Konkurrenzbedingungen -- d) Die soziale Atmosphäre in den Flüchtlingsbetrieben -- e) Die wirtschaftliche Lage der Vertriebenen- und Flüchtlingsbetriebe und ihre Bedeutung für die hessische Wirtschaft -- 3. Die Eingliederung Vertriebener in das hessische Handwerk -- a) Das hessische Handwerk nach der Handwerkszählung 1949 -- b) Die Eingliederung Vertriebener bis 1949 -- c) Die Eingliederung Vertriebener von Ende 1949 bis Mitte 1953. 
588 |a Description based on publisher supplied metadata and other sources. 
590 |a Electronic reproduction. Ann Arbor, Michigan : ProQuest Ebook Central, 2024. Available via World Wide Web. Access may be limited to ProQuest Ebook Central affiliated libraries.  
655 4 |a Electronic books. 
700 1 |a Behnke, H. -w. 
700 1 |a Burchard, R. 
700 1 |a Albrecht, Gerhard. 
776 0 8 |i Print version:  |a Pfister, Bernhard  |t Untersuchungen Zum Deutschen Vertriebenen- und Flüchtlingsproblem  |d Berlin : Duncker & Humblot,c1954  |z 9783428000098 
797 2 |a ProQuest (Firm) 
830 0 |a Schriften des Vereins Für Socialpolitik Series 
856 4 0 |u https://ebookcentral.proquest.com/lib/matrademy/detail.action?docID=7100830  |z Click to View